000 01292nam a2200337Ia 4500
001 ebr10055952
003 CaPaEBR
006 m u
007 cr cn|||||||||
008 011026s2002 bcc sb 001 0 eng d
020 _z0774850221 (eBook)
020 _z0774808802
020 _z0774808810 (pbk.)
040 _aCaPaEBR
_cCaPaEBR
035 _a(OCoLC)70717615
050 1 4 _aJZ1318
_b.S77 2002eb
082 0 4 _a303.48/2
_221
245 0 0 _aStreet protests and fantasy parks
_h[electronic resource] :
_bglobalization, culture, and the state /
_cedited by David R. Cameron and Janice Gross Stein.
260 _aVancouver :
_bUBC Press,
_cc2002.
300 _aviii, 184 p.
504 _aIncludes bibliographical references and index.
533 _aElectronic reproduction.
_bPalo Alto, Calif. :
_cebrary,
_d2009.
_nAvailable via World Wide Web.
_nAccess may be limited to ebrary affiliated libraries.
650 0 _aGlobalization
_xSocial aspects.
650 0 _aCulture.
650 0 _aState, The.
655 7 _aElectronic books.
_2local
700 1 _aCameron, David,
_d1941-
700 1 _aStein, Janice Gross.
710 2 _aebrary, Inc.
856 4 0 _uhttp://site.ebrary.com/lib/rucke/Doc?id=10055952
_zAn electronic book accessible through the World Wide Web; click to view
999 _c72123
_d72123